MCU Films with Infinity Stones - Statistics

General Stats
  • This quiz has been taken 1,318 times
    1,129 since last reset
  • The average score is 10 of 20
Answer Stats
Infinity Stone Answer % Correct
Avengers: Infinity War
93%
Avengers: Endgame
92%
Mind Stone Avengers Assemble
87%
Power Stone Guardians of the Galaxy
73%
Time Stone Doctor Strange
66%
Reality Stone Thor: The Dark World
61%
Avengers: Age of Ultron
57%
Space Stone Captain America: The First Avenger
47%
Avengers: Endgame
36%
Avengers: Endgame
36%
Avengers: Endgame
36%
Avengers: Endgame
36%
Avengers: Endgame
36%
Avengers: Infinity War
35%
Avengers: Infinity War
35%
Avengers: Infinity War
35%
Avengers: Infinity War
35%
Soul Stone Avengers: Infinity War
35%
Captain America: Civil War
25%
Avengers Assemble/The Avengers
22%
No matching quizzes found
Score Distribution
Percent of People with Each Score
Percentile by Number Answered
Your Score History
You have not taken this quiz since the last reset